000 00601nam a22001937a 4500
999 _c167937
_d167937
005 20190923170016.0
010 _aB-730159
020 _c325.00
_a9789383330819
035 _aB-730159
037 _bDuckbill Books
082 _aN
100 _aNambi, Nandhika
245 _a Unbroken/
_c by Nandhika Nambi
260 _bDuckbill Books
_aChennai
_c2018
270 _bChennai
_aF2, Oyster Operaa, 35/36 Gangai Street Kalakshetra Colony
_e600090
300 _a176p.:
_c20cm(pbk)
_bill.
942 _2ddc
_cCH
_mNAM
_hN